Statistieken voor Raad de woorden in het Suzan en Freek lied. #2

Klik hier om de quiz te nemen!

Algemene statistieken

  • Deze quiz is 63 keer genomen
  • De gemiddelde score is 200 van 276

Antwoordstatistieken

Lyrics% Correct
het
90%
ik
90%
de
88%
's
88%
is
85%
je
85%
me
85%
niet
83%
als
80%
dan
80%
dat
80%
heb
78%
zijn
76%
zo
76%
avond
73%
en
73%
gaan
73%
hebben
73%
in
73%
op
73%
laten
71%
maar
71%
meer
71%
mij
71%
mis
71%
nu
71%
wat
71%
goed
68%
kan
68%
moet
68%
nacht
68%
of
68%
voel
68%
avonds
66%
gaat
66%
jij
66%
komt
66%
vaak
66%
van
66%
wil
66%
bij
63%
dit
63%
doe
63%
hoe
63%
met
63%
stil
63%
want
63%
weet
63%
zeg
63%
alles
61%
geef
61%
want
61%
kwaad
59%
om
59%
slecht
59%
stukjes
59%
tijd
59%
toekomst
59%
echt
56%
luister
56%
oh
56%
ook
56%
praat
56%
praten
56%
soms
56%
door
54%
gemist
54%
gewoon
54%
hier
54%
kon
54%
te
54%
hoor
51%
inderdaad
51%
sta
51%
vallen
51%
voor
51%
jouw
49%
misschien
49%
raakt
49%
zacht
49%
zegt
49%
fluister
46%
geen
44%
weer
41%
hand
39%
klaar
39%
seconde
39%
twijfel
39%
weinig
39%
mijne
37%
vecht
37%

Scoreverdeling

Percentiel versus Aantal Correcte Antwoorden

Procent van Mensen met Elke Score

Uw Scoregeschiedenis

U heeft deze quiz nog niet genomen